Kauimpana valtionrajoista sijaitsevat pääkaupungit - Statistics

Yleistilastot
  • Tätä visaa on pelattu 273 kertaa
  • Keskiarvotulos 8 / 20
Vastaustilastot
km Pääkaupunki % Oikein
402 Moskova
92%
874 Brasília
81%
247 México
62%
246 Madrid
61%
277 New Delhi
61%
196 Ulaanbaatar
52%
288 Astana
49%
340 Bogotá
46%
186 Ankara
44%
362 Riad
44%
366 Khartum
30%
397 Addis Abeba
28%
213 Pretoria
28%
358 Abuja
24%
321 Sucre
24%
180 Harare
17%
263 Windhoek
17%
336 Dodoma
15%
177 Naypyidaw
12%
176 Yamoussoukro
7%
Ehtoja vastaavia visoja ei löytynyt
Tulosjakauma
Jokaisen tuloksen saaneiden osuus
Persentiili vastausten määrän mukaan
Tuloshistoriasi
Et ole pelannut tätä visaa